Statistics for Nobel Prize Categories

Click here to take the quiz!

General Stats

  • This quiz has been taken 44,940 times
  • The average score is 4 of 6

Answer Stats

Prize% Correct
Peace
96%
Physics
83%
Literature
80%
Chemistry
79%
Medicine
55%
Economics
45%

Score Distribution

Percentile by Number Answered

Percent of People with Each Score

Your Score History

You have not taken this quiz